PRINCIPLES OF POLITICAL SCIENCE (Record no. 6392)

MARC details
000 -LEADER
fixed length control field 00423nam a22001697a 4500
005 - DATE AND TIME OF LATEST TRANSACTION
control field 20210904112215.0
008 - FIXED-LENGTH DATA ELEMENTS--GENERAL INFORMATION
fixed length control field 200521b xxu||||| |||| 00| 0 eng d
020 ## - INTERNATIONAL STANDARD BOOK NUMBER
ISBN 8121902762
041 ## - LANGUAGE CODE
Language code of text/sound track or separate title eng
082 ## - DEWEY DECIMAL CLASSIFICATION NUMBER
Classification number 320 KAR
100 ## - MAIN ENTRY--AUTHOR NAME
Personal name Kapur, DR ANUP CHAND
245 ## - TITLE STATEMENT
Title PRINCIPLES OF POLITICAL SCIENCE
260 ## - PUBLICATION, DISTRIBUTION, ETC. (IMPRINT)
Place of publication New Delhi
Name of publisher S.Chand and Company
300 ## - PHYSICAL DESCRIPTION
Number of Pages 832
650 ## - SUBJECT ADDED ENTRY--TOPICAL TERM
Topical Term Poltical Science
942 ## - ADDED ENTRY ELEMENTS (KOHA)
Koha item type Books
Holdings
Lost status Damaged status Collection code Home library Current library Shelving location Date acquired Source of acquisition Cost, normal purchase price Full call number Accession Number Koha item type
    Reference JRU Library JRU Library SHELF-1-D 02/06/2020 PURCHASE 625.00 320 KAR 24232 Books
    LAW JRU Library JRU Library SHELF-30-F 02/06/2020 PURCHASE 625.00 320 KAR 24233 Books
    LAW JRU Library JRU Library SHELF-30-F 02/06/2020 PURCHASE 625.00 320 KAR 24234 Books
    LAW JRU Library JRU Library SHELF-30-F 02/06/2020 PURCHASE 625.00 320 KAR 24235 Books
    LAW JRU Library JRU Library SHELF-30-F 02/06/2020 PURCHASE 625.00 320 KAR 24236 Books